000 01023nam a22003251c 4500
001 a987675064
003 RU-10907106
005 20211012162712.0
008 151207s2015 gw |||| 000u ger d
020 _a9783110416046
_9978-3-11-041604-6
040 _cRU-10907106
_aRU-10907106
_bger
041 _ager
245 0 0 _aVerhört! :
_bdie Befragungen deutscher Generale und Offiziere durch die sowjetischen Geheimdienste 1945-1952
264 _aBerlin :
_bDe Gruyter Oldenbourg,
_c2015
300 _a467 S.
490 0 _aVeröffentlichungen des Deutschen Historischen Instituts Moskau
_v6
648 0 _a1945-1952
650 0 _aSmerš
650 0 _aVernehmung
650 0 _aOffizier
650 0 _aGeneral
650 0 _aDeutschland. Wehrmacht
651 0 _aSowjetunion
655 0 _aQuelle
655 0 _aPublikation DHI Moskau
700 1 _aChristoforov, Vasilij Stepanovič
_eHerausgeberIn
700 1 _aMakarov, Vladimir G.
_eHerausgeberIn
700 1 _aUhl, Matthias
_eHerausgeberIn
942 _cMG
_2z
999 _c33097
_d33097